Statistiche per Presentazione di Forme di Paese

Clicka qui per fare il quiz!

Statistiche generali

  • Questo quiz è stato fatto 1.938 volte
  • Il punteggio medio è 7 su 12

Statistiche sulle risposte

Risposta% Corretto
Svizzera
77%
Laos
72%
Mali
69%
Arabia Saudita
68%
Romania
63%
Sudan
61%
Afghanistan
51%
Oman
44%
Taiwan
42%
Corea del Nord
41%
Nigeria
39%
Kuwait
27%

Distribuzione punteggi

Percentile per numero di risposta

Percentuale di utenti per punteggio

I tuoi punteggi nel tempo

Non hai fatto questo quiz